000 00249nam a22001097a 4500
008 160510b xxu||||| |||| 00| 0 eng d
020 _a0393924084
041 _aeng
080 _a547
245 _aOrganic chemistry:
_cMaitland Jones;
942 _2udc
_cBK
999 _c1966
_d1966